000 00584nam a22001697a 4500
020 _qHard Cover.
082 _a330
100 _aSameen Rizvi : Tahreem Talat
245 _aThe Effect of Female Labor Force Participation on Domestic Violence in Pakistan
_cRizvi, Sameen : Talat Tahreem
260 _aIslamabad:
_bS3H NUST,
_c2021.
300 _a54 p. :
_bill. ;
_c30cm.
650 _aBS-Economics
700 _aDr. Ayesha Nazuk
_955291
856 _uhttp://10.250.8.41:8080/xmlui/handle/123456789/24396
942 _2ddc
_cPR
999 _c566099
_d566099